000
00259nam a22001097a 4500
082
_a
516.24 SPA'P
100
_a
REES, PAUL K,SPARKS, FRED W
_9
59840
245
_a
PLANE TRIGONOMETRY
260
_a
NEWJERSCY
_b
PRENTICE HALL
_c
1956
300
_a
199P
942
_c
BK
999
_c
569725
_d
569725